000 01097cam a22003257a 4500
003 CHAP
005 20220329132910.0
008 971010s1987 r 00010 d
010 _a80
011 _a1052
035 _a227
040 _cCHAP
082 _a635
_bT8Y
100 0 0 _aTurchi, Antonio.
_9115596
245 0 _aGuía práctica de horticultura
260 _aBarcelona :
_bCEAC,
_c1987
300 _a236 p.
_b: ilus.
490 0 _aGuías de agricultura y ganadería
590 _aBATCH-UPD
_b10
_c20130110
_lUCH01
_h1750
590 _aBATCH-UPD
_b10
_c20130410
_lUCH01
_h1128
590 _aBATCH-UPD
_b10
_c20130914
_lUCH01
_h1557
590 _aCONVERSION
_b10
_c20130109
_lUCH01
_h1302
650 1 4 _aHorticultura.
_956291
830 0 _aGuías de agricultura y ganadería
_951503
901 _aBK
942 _cLIBRO
949 _a635 T8Y
_bBC
_cLIBRO
_d33724000637419
_eLIBRO
_fc.3
_gI. 117600
_h76606
_i227
_si
_t56.00
949 _a635 T8Y
_bBC
_cLIBRO
_d33724000831624
_eLIBRO
_gI.147557
_h76400
_i227
_si
_t56.65
949 _a635 T8Y
_bBC
_cLIBRO
_d33724000893269
_eLIBRO
_fc.2
_gI.147558
_h76401
_i227
_si
_t56.65
999 _c80
_d80